Responses for Show #7218 - Wednesday, January 20, 2016

Contestants

[<< previous game]

Megan Loyd, a stay-at-home mom originally from Marietta, Georgia

Sarah Godwin, a head of operations at a venture capital firm from Frederick, Maryland

Kyle Webb, a veterinary clinical pathologist originally from Boyertown, Pennsylvania (whose 1-day cash winnings total $4,399)

[next game >>]

Jeopardy! Round responses

THE WORLD ALMANAC 2016 EDITION
INCREDIBLY SPECIFIC WEDDING VOWS
DWELLING ON THE PAST
'90s POP CULTURE
BETWEEN 5 FERNS
IT'S A "WR"AP
    $200 26
[Alex reads "B." as "Benjamin".]
(Alex: You are right with less than a minute now.)

a $100 bill

Megan
    $200 11
Monopoly

Kyle
    $200 21
Monticello

Kyle
    $200 1
U2

Kyle
    $200 16
Charlotte's Web

Kyle
    $200 8
writhe

Kyle
    $400 27
The Force Awakens

Megan
    $400 12
a Great Dane

Kyle
    $400 22
(Mark) Twain

Kyle
    $400 2
(Megan: Uh, who is Claudia Schiffer?)

Christie Brinkley

SarahMegan
    $400 17
fronds

Megan
    $400 6
a wren

Kyle
    $600 28
Death Valley

Megan
    $600 13
Ann Taylor

Sarah
    $600 23
Pope John Paul II

Megan
    $600 3
Dick Tracy

Kyle
    $600 18
a rainforest

Kyle
    $600 7
a wrecking ball

Sarah
    $800 29
(Sarah: What is talking on a cell phone?)

texting

Sarah
Triple Stumper
    $800 14
(Kyle: What are Thunderbirds?)

Cadillacs

Kyle
Triple Stumper
    $800 24
Fallingwater

Sarah
    $1,000 4
Oprah's Book Club

Kyle
    $800 19
a fiddlehead

Sarah
    $800 9
a writing desk

Kyle
    $1000 30
Carlos Slim

Triple Stumper
    $1000 15
Justin Guarini

Kyle
    $1000 25
Windsor Castle

Sarah
    $1000 5
Beanie Babies

Sarah
    $1000 20
a mountain lion

Triple Stumper
    $1000 10
wrought

Kyle

Scores at the first commercial break (after clue 15):

Kyle Sarah Megan
$5,000 $2,600 -$400

Scores at the end of the Jeopardy! Round:

Kyle Sarah Megan
$6,400 $4,400 $1,800

Double Jeopardy! Round responses

BOOKS, "OF" ALL THINGS
SYNONYMS
YOU MIGHT NEED SURGERY
FOUND IN ROY G. BIV
SCREAMS, SHOUTS
WALES
    $400 3
The Grapes of Wrath

Kyle
    $400 1
seldom

Megan
    $400 8
a clamp

Sarah
    $400 13
the Green Party

Kyle
    $400 18
Ringo Starr

Kyle
    $400 30
the Bible

Triple Stumper
    $800 4
Lord of the Flies

Kyle
    $800 2
the messenger

Kyle
    $800 9
ultrasound

Kyle
    $800 14
red

Sarah
    $800 19
Fay Wray

Sarah
    $800 29
the harp

Triple Stumper
    $2,000 5
The Call of the Wild

Kyle
    $1200 23
Awkward

Megan
    $1200 10
(Sarah: What is bone?)
(Alex: Be more specific.)

the cranium (the skull bone)

Sarah
    $6,800 15
(Sarah: Ooh. What is the Blue Prince?)

Prince of Orange

Sarah
    $1200 20
Doctor Who

Kyle
    $1200 26
[Alex pronounced the place name like "shan-RY-adder-am-MOOK-nant".]

a waterfall

Kyle
    $1600 6
Diary of a Wimpy Kid

Megan
    $1600 24
a warbler

Sarah
    $1600 11
the ribs

Kyle
    $1600 16
the Blue Nile

Triple Stumper
    $1600 21
The Shining

Kyle
    $1600 27
Cardiff

Sarah
    $2000 7
Midnight in the Garden of Good and Evil

Kyle
    $2000 25
(Alex: The House of [*], you are right.)

mirth

Sarah
    $2000 12
cauterization

Kyle
    $2000 17
(Alex: You thought of it, Kell--yle, but a little too late.)

"Mood Indigo"

Triple Stumper
    $2000 22
Invasion of the Body Snatchers

Kyle
    $2000 28
(Sarah: What is the Shetland? Bay of Shetland?)

Cardigan Bay

Sarah
Triple Stumper

Scores at the end of the Double Jeopardy! Round:

Kyle Sarah Megan
$23,600 $4,000 $5,000
(lock game)

[wagering suggestions for these scores]

Final Jeopardy! Round responses

WORLD RELIGION
(Alex: [To Sarah] That is an important religion, but you're close, but no cigar for you.)
SarahWhat is Islam?
$3,999
MeganWhat is Judaism?
$3,001
KyleWhat is Sunni?
$0
Sunni

Final scores:

Kyle Sarah Megan
$23,600 $1 $1,999
2-day champion: $27,999 3rd place: $1,000 2nd place: $2,000

Game dynamics:

Coryat scores:

Kyle Sarah Megan
$22,600 $10,800 $5,000
28 R
(including 2 DDs),
1 W
14 R,
3 W
(including 1 DD)
8 R,
1 W

Combined Coryat: $38,400

[game clues] [game scores] [suggest correction]

Game tape date: 2015-12-14
The J! Archive is created by fans, for fans. Scraping, republication, monetization, and malicious use prohibited; this site may use cookies and collect identifying information. See terms. The Jeopardy! game show and all elements thereof, including but not limited to copyright and trademark thereto, are the property of Jeopardy Productions, Inc. and are protected under law. This website is not affiliated with, sponsored by, or operated by Jeopardy Productions, Inc. Join the discussion at JBoard.tv.